[Event "Hessen-chB"]
[Site "Marburg"]
[Date "2006.04.14"]
[Round "6.36"]
[White "Stoehr, Alexander"]
[Black "Edelmann, Patrick"]
[Result "0-1"]
[WhiteElo "1341"]
[BlackElo "798"]
[PlyCount "64"]
[EventDate "2006.04.13"]
[EventType "swiss"]
[EventRounds "7"]
[EventCountry "GER"]
[SourceTitle "EXT 2007"]
[Source "ChessBase"]
[SourceDate "2006.11.23"]
[SourceVersion "1"]
[SourceVersionDate "2006.11.23"]
[SourceQuality "1"]

1. d4 d5 2. c4 c6 3. Nf3 Bg4 4. e3 g6 5. h3 Bxf3 6. Qxf3 e6 7. Nc3 Bg7 8. Bd3 dxc4 9. Bxc4 b5 10. Bxb5 Ne7 11. 0-0 0-0 12. Bd3 Nd5 13. Bd2 Nd7 14. Rac1 N7b6 15. Ne4 Rc8 16. a3 Qe7 17. Nc3 Rfd8 18. Rc2 c5 19. dxc5 Rxc5 20. Rfc1 Nxc3 21. Bxc3 Rxd3 22. Bxg7 Rxc2 23. Rxc2 Kxg7 24. Qf4 Nd5 25. Qc4 Rd1+ 26. Kh2 Qf6 27. Qe2 Rb1 28. e4 Nf4 29. Qb5 a6 30. Qb7 Qe5 31. g3 Nxh3 32. Kxh3 Qh5+ 0-1